000 00541nam a2200205Ia 4500
008 230125s9999 xx 000 0 und d
020 _a0-07-060089-9
041 _aeng
082 _a658.4012
_bTHO/STR
100 _aStrickland A J
_9108759
245 _aCrafting and Executing Strategy
250 _a14th ed
260 _c2006
_bTata McGraw Hill
_aNew Delhi
300 _a405p
500 _aStrategic management
650 _aManagement
700 _aStrickland A J & Thompson A
_9108760
906 _b64
999 _c85526
_d85526